| 000 | 00438 a2200121 4500 | ||
|---|---|---|---|
| 001 | ART_43964 | ||
| 005 | 20260410162017.0 | ||
| 008 | 260409a | ||
| 245 | 1 | 0 | _aProtección de la vivienda a favor del cónyuge supérstite y del conviviente |
| 100 | 1 | _aCorna, Pablo M. | |
| 700 | 1 | _aFossaceca, Carlos Alberto (h) | |
| 773 | 0 |
_tTemas de derecho de familia, sucesiones y bioética _g- Año 2, Nº 7 (jul. 2017) _wREV41029 |
|
| 999 |
_c32793 _d32793 |
||